Most Populous New York Municipalities in 1990 - Statistics

General Stats
  • This quiz has been taken 4 times
  • The average score is 17 of 20
Answer Stats
Population County Status Municipality % Correct
100,022 ______ City Albany
100%
53,784 Broome City Binghamton
100%
328,233 Erie City Buffalo
100%
67,323 Westchester City New Rochelle
100%
7,322,564 ___ ____ City New York City
100%
230,463 Monroe City Rochester
100%
65,557 ___________ City Schenectady
100%
163,897 Onondaga City Syracuse
100%
68,699 Oneida City Utica
100%
48,864 Westchester City White Plains
100%
188,440 Westchester City Yonkers
100%
49,498 Nassau Village Hempstead
75%
35,058 Chautauqua City Jamestown
75%
67,034 Westchester City Mount Vernon
75%
44,342 Oneida City Rome
75%
55,018 Rensselaer City Troy
75%
39,814 Nassau Village Freeport
50%
62,463 _______ City Niagara Falls
50%
34,987 Niagara City North Tonawanda
50%
34,002 Nassau Village Valley Stream
50%
No matching quizzes found
Score Distribution
Percent of People with Each Score
Percentile by Number Answered
Your Score History
You have not taken this quiz